State-panchayati Raj relations (Record no. 484172)

MARC details
000 -LEADER
fixed length control field 00869nam a2200277Ia 4500
003 - CONTROL NUMBER IDENTIFIER
control field OSt
005 - DATE AND TIME OF LATEST TRANSACTION
control field 20220925172054.0
008 - FIXED-LENGTH DATA ELEMENTS--GENERAL INFORMATION
fixed length control field 220923b |||||||| |||| 00| 0 eng d
020 ## - INTERNATIONAL STANDARD BOOK NUMBER
International Standard Book Number 0210405031
037 ## - SOURCE OF ACQUISITION
Terms of availability General Book
040 ## - CATALOGING SOURCE
Original cataloging agency RTL
Transcribing agency RTL
Language of cataloging eng
041 ## - LANGUAGE CODE
Source of code eng
Language code of text/sound track or separate title eng
100 ## - MAIN ENTRY--PERSONAL NAME
Personal name Kumar Sunil
9 (RLIN) 240547
245 #0 - TITLE STATEMENT
Title State-panchayati Raj relations
Remainder of title A study of supervision and Control in Tamil Nadu
260 ## - PUBLICATION, DISTRIBUTION, ETC.
Place of publication, distribution, etc. Bombay
Name of publisher, distributor, etc. Asia Publishing House India
Date of publication, distribution, etc. 1974
300 ## - PHYSICAL DESCRIPTION
Extent xii,148p
Dimensions cm.
490 ## - SERIES STATEMENT
Series statement Asia Monography.24
500 ## - GENERAL NOTE
General note Bibliography: p 137-143; Index:P.145-48
650 ## - SUBJECT ADDED ENTRY--TOPICAL TERM
Topical term or geographic name entry element History Tamil Nadu
9 (RLIN) 235554
700 ## - ADDED ENTRY--PERSONAL NAME
Personal name Venkataraman K
9 (RLIN) 52780
942 ## - ADDED ENTRY ELEMENTS (KOHA)
Classification part V211,63.N7, L4
Koha item type General Books
Source of classification or shelving scheme Colon Classification (CC)
Holdings
Withdrawn status Lost status Damaged status Not for loan Home library Current library Date acquired Total Checkouts Full call number Barcode Date last seen Price effective from Koha item type
        Ratan Tata Library Ratan Tata Library 2022-09-25   V211,63.N7 L4 RT0409492 2022-09-25 2022-09-25 General Books
Copyright @ Delhi University Library System